000 00788nam a2200193 i 4500
001 62348
003 ES-MaACL
005 20250811144052.0
007 t|
008 031120s1962 sp ||||1| spa d
100 1 _aFelipe, Dionisio de.
_949170
245 1 3 _aLa Ven. madre Antonia o la pedagogía del amor:
_bvida de la venerable madre Antonia María de la Misericordia, fundadora de las Oblatas del Santísimo Redentor /
_cpor el P. Dionisio de Felipe ; con un prólogo del Cardenal Larraona.
260 _aMadrid :
_bEl Perpetuo Socorro,
_c1962.
300 _aXII, 463 p., 16 lám. ;
_c22 cm.
600 0 4 _aAntonia María de la Misericordia,
_c(O.SS.R.)
_9171435
700 1 _aLarraona, Arcadio María,
_cCardenal
_970318
852 _aES-MaACL
_jC-22551
999 _c62348
_d62348